Tonala ; conservatism, responsibility, and authority in a Mexican town /

Bibliographic Details
Main Author: Diaz, May N.
Format: Book
Language:English
Published: Berkeley : University of California Press, 1966.
Subjects:

MARC

Tag First Indicator Second Indicator Subfields
LEADER 00000cam a2200000 4500
001 in00000064111
005 20151008051201.0
008 721101s1966 caua b 00000 eng u
010 |a  66014566  
035 |a (OCoLC)00483771 
035 |9 AAG6278AM 
040 |c WSU  |d TXA  |d UtOrBLW 
049 |a TXAM  |c [453575] 
050 0 |a F1391.T65  |b D5 
092 |a 309.172  |b D542t 
100 1 |a Diaz, May N. 
245 1 0 |a Tonala ;  |b conservatism, responsibility, and authority in a Mexican town /  |c [by] May N. Diaz. 
264 1 |a Berkeley :  |b University of California Press,  |c 1966. 
300 |a 234 pages 
336 |a text  |b txt  |2 rdacontent 
337 |a unmediated  |b n  |2 rdamedia 
338 |a volume  |b nc  |2 rdacarrier 
504 |a Bibliography: pages 225-229. 
651 0 |a Tonala, Mexico (Jalisco)  |x Economic conditions. 
651 0 |a Tonala, Mexico (Jalisco)  |x Social life and customs. 
999 |a MARS 
999 f f |s 2dde543f-f5a8-35f4-a88a-d8dc203afebf  |i 3c3f68ed-12f1-36ad-bf54-48a91b23b60f  |t 0 
952 f f |p ric  |a Texas A&M University  |b Rellis Campus  |c Joint Library Facility  |d Remote Storage  |t 0  |e F1391.T65 D5  |h Library of Congress classification  |i unmediated -- volume  |m A14800649437 
998 f f |a F1391.T65 D5  |t 0  |l Remote Storage